000 00561nam a2200205 4500
005 20260512151109.0
010 _aENG-148277 ENG-148449
020 _a9788196232894
_c2000.00
035 _aEN-131809
035 _aEN-131981
037 _bDBAD
082 _a343.54096
100 _aVaishnaw Ashwini
_988903
245 _aDedicated Freight Corridors
_cVaishnaw Ashwini
260 _aMinister of Railways
270 _aNew Delhi
300 _a510.pg
_c28cm(hb)
700 _aAshwini Vaishnaw
_988904
942 _2ddc
_cEN
_h343.54096
_mVAI
999 _c215881
_d215881